LIBRARY & INFORMATION CENTRE, KCAET, TAVANUR

ONLINE PUBLIC ACCESS CATALOGUE (OPAC)

Tales from Shakespeare / (Record no. 6883)

MARC details
000 -LEADER
fixed length control field 00434cam a2200181ua 4500
041 ## - LANGUAGE CODE
Language code of text/sound track or separate title eng
082 ## - DEWEY DECIMAL CLASSIFICATION NUMBER
Classification number 823.308
Item number CHA/JA
100 ## - MAIN ENTRY--AUTHOR NAME
Personal name Charles, .
245 ## - TITLE STATEMENT
Title Tales from Shakespeare /
250 ## - EDITION STATEMENT
Edition statement 1 /
260 ## - PUBLICATION, DISTRIBUTION, ETC. (IMPRINT)
Place of publication London :
Name of publisher J M Dent and Sons Ltd ,
Year of publication 1961.
300 ## - PHYSICAL DESCRIPTION
Number of Pages 304 ; .
700 1# - ADDED ENTRY--PERSONAL NAME
Personal name Lamb, Mary .
942 ## - ADDED ENTRY ELEMENTS (KOHA)
Koha item type Books
Holdings
Withdrawn status Lost status Damaged status Home library Current library Date acquired Full call number Accession Number Koha item type
Withdrawn     KAUAET KAUAET 27/11/2023 823.308 CHA/JA 10195 Books
Withdrawn     KAUAET Sanskrit University 07/04/2012 823.308 4132 Books
Withdrawn     KAUAET Sanskrit University 07/04/2012 823.308 4448 Books
free website counter